[Event "ESP-ch U18"]
[Site "Linares"]
[Date "2007.07.31"]
[Round "4"]
[White "Lopez Quevedo, Angel Carlos"]
[Black "Sanchez Alarcos Galian, Victor"]
[Result "1/2-1/2"]
[WhiteElo "2148"]
[BlackElo "1958"]
[PlyCount "139"]
[EventDate "2007.07.29"]
[EventType "swiss"]
[EventRounds "9"]
[EventCountry "ESP"]
[SourceTitle "EXT 2008"]
[Source "ChessBase"]
[SourceDate "2007.11.25"]
[SourceVersion "1"]
[SourceVersionDate "2007.11.25"]
[SourceQuality "1"]

1. d4 Nf6 2. Nf3 c5 3. d5 d6 4. c4 e5 5. Nc3 g6 6. e4 Bg7 7. Be2 0-0 8. 0-0 Na6 9. a3 Ne8 10. Rb1 f5 11. exf5 gxf5 12. Qc2 Bd7 13. b4 b6 14. Na4 Kh8 15. bxc5 bxc5 16. Nc3 Nac7 17. Bd2 Kg8 18. Qc1 Bf6 19. Bd1 f4 20. Ne1 Ng7 21. Ba4 Bf5 22. Bc2 Bc8 23. Ne4 Qe7 24. Bc3 Nce8 25. Ba4 Bf5 26. f3 Bh4 27. Bc6 Rc8 28. Rb7 Rc7 29. Rxc7 Nxc7 30. Nd3 Nce8 31. Bxe8 Rxe8 32. Be1 Bxe1 33. Rxe1 Nh5 34. Re2 Kf7 35. Qc3 Bxe4 36. Rxe4 Rb8 37. Re2 Rb1+ 38. Re1 Qb7 39. Qc2 Rb3 40. Ra1 a5 41. a4 Nf6 42. h3 Ng8 43. Ra2 Ne7 44. Rb2 Rxb2 45. Qxb2 Qxb2 46. Nxb2 Kf6 47. Kf2 Nc8 48. Ke2 Nb6 49. Kd3 Kf5 50. h4 Kf6 51. Ke2 Kg6 52. Kf2 h6 53. g4 fxg3+ 54. Kxg3 Kf5 55. Nd1 Nxc4 56. Nc3 Nb6 57. Ne4 Nc8 58. Nd2 Nb6 59. Ne4 Nxd5 60. Nxd6+ Ke6 61. Nc4 Nc3 62. Nxa5 Nxa4 63. Nc4 Kd5 64. Ne3+ Kd4 65. Nf5+ Kd3 66. Nxh6 c4 67. Ng4 c3 68. Nxe5+ Kd4 69. Nc6+ Kc5 70. Na5 1/2-1/2

[Event "ESP-ch U18"]
[Site "Linares"]
[Date "2007.07.31"]
[Round "5"]
[White "Sanchez Alarcos Galian, Victor"]
[Black "Senlle Caride, Miguel"]
[Result "1/2-1/2"]
[WhiteElo "1958"]
[BlackElo "2179"]
[PlyCount "128"]
[EventDate "2007.07.29"]
[EventType "swiss"]
[EventRounds "9"]
[EventCountry "ESP"]
[SourceTitle "EXT 2008"]
[Source "ChessBase"]
[SourceDate "2007.11.25"]
[SourceVersion "1"]
[SourceVersionDate "2007.11.25"]
[SourceQuality "1"]

1. d4 Nf6 2. Nf3 g6 3. Bf4 Bg7 4. e3 d5 5. h3 0-0 6. Be2 Ne4 7. Nbd2 Nxd2 8. Qxd2 Nd7 9. 0-0 Re8 10. Rfd1 c6 11. c4 Nf6 12. Rac1 Ne4 13. Qc2 e6 14. Bd3 f5 15. Be5 g5 16. Bxg7 Kxg7 17. Bxe4 fxe4 18. Ne5 Bd7 19. c5 Rf8 20. Qe2 Be8 21. g4 Bg6 22. b4 a6 23. a4 Qe7 24. Rb1 Be8 25. Kf1 Qf6 26. Ke1 Rb8 27. Rdc1 Qh6 28. Qf1 Qf6 29. Qg2 Qe7 30. Qg3 Ra8 31. Rc2 Qc7 32. Qg2 a5 33. b5 cxb5 34. axb5 a4 35. Kd1 Qa5 36. c6 bxc6 37. bxc6 a3 38. Qf1 a2 39. Ra1 Qb4 40. Qe2 Qb1+ 41. Rc1 Qb3+ 42. Qc2 Qb5 43. Ke1 Qa5+ 44. Qc3 Qb5 45. Qd2 Qb3 46. Kf1 Ra6 47. Kg2 h5 48. Rc2 hxg4 49. hxg4 Qb1 50. Qc1 Qxc1 51. Rcxc1 Bg6 52. Rc2 Rfa8 53. Kf1 Be8 54. Ke1 Kf6 55. Kd2 Ke7 56. c7 Rc8 57. Raxa2 Rxa2 58. Rxa2 Rxc7 59. Rc2 Rxc2+ 60. Kxc2 Ba4+ 61. Kd2 Be8 62. f3 exf3 63. Nxf3 Kf6 64. Kc3 Ba4 1/2-1/2

[Event "ESP-ch U18"]
[Site "Linares"]
[Date "2007.07.29"]
[Round "2"]
[White "Martin Alvarez, Inigo"]
[Black "Sanchez Alarcos Galian, Victor"]
[Result "1-0"]
[WhiteElo "2154"]
[BlackElo "1958"]
[PlyCount "57"]
[EventDate "2007.07.29"]
[EventType "swiss"]
[EventRounds "9"]
[EventCountry "ESP"]
[SourceTitle "EXT 2008"]
[Source "ChessBase"]
[SourceDate "2007.11.25"]
[SourceVersion "1"]
[SourceVersionDate "2007.11.25"]
[SourceQuality "1"]

1. e4 e5 2. Nf3 Nc6 3. Bb5 a6 4. Ba4 Nf6 5. 0-0 Be7 6. Re1 b5 7. Bb3 d6 8. c3 0-0 9. h3 Na5 10. Bc2 c5 11. d4 Qc7 12. b4 cxb4 13. cxb4 Nc4 14. Nbd2 Bb7 15. Nxc4 bxc4 16. d5 Rfb8 17. Re3 Nd7 18. a4 f5 19. exf5 Nf6 20. Be4 Bc8 21. Qc2 Rxb4 22. Ba3 a5 23. Nxe5 Nxe4 24. Qxe4 Bf6 25. Ng4 Bd7 26. Nxf6+ gxf6 27. Bxb4 axb4 28. Qe7 Re8 29. Rg3+ 1-0

[Event "ESP-ch U18"]
[Site "Linares"]
[Date "2007.07.29"]
[Round "1"]
[White "Sanchez Alarcos Galian, Victor"]
[Black "Valmana Canto, Jaime"]
[Result "1-0"]
[WhiteElo "1958"]
[BlackElo "2346"]
[PlyCount "87"]
[EventDate "2007.07.29"]
[EventType "swiss"]
[EventRounds "9"]
[EventCountry "ESP"]
[SourceTitle "EXT 2008"]
[Source "ChessBase"]
[SourceDate "2007.11.25"]
[SourceVersion "1"]
[SourceVersionDate "2007.11.25"]
[SourceQuality "1"]

1. d4 g6 2. Nf3 Bg7 3. e4 d6 4. Nc3 Nf6 5. Be2 0-0 6. 0-0 Nbd7 7. h3 e5 8. dxe5 dxe5 9. Bc4 c6 10. Qd6 Ne8 11. Qd1 Qc7 12. a4 Nd6 13. Ba2 Nc5 14. Re1 Ne6 15. Be3 Rd8 16. Qc1 Nd4 17. Nd2 Qe7 18. Ne2 Ne8 19. c3 Ne6 20. b4 Nf6 21. Qc2 Nh5 22. Nf3 Nef4 23. Nxf4 Nxf4 24. Bc4 Be6 25. Bf1 Qf6 26. Nd2 Bh6 27. Rad1 Qg5 28. Kh2 Qh5 29. Nb3 b6 30. Nc1 f5 31. Ne2 fxe4 32. Ng3 Qh4 33. Qxe4 Qf6 34. c4 Bf5 35. Nxf5 gxf5 36. Qc2 Bg5 37. c5 bxc5 38. Qxc5 Rd5 39. Bc4 Kh8 40. Bxd5 Nxd5 41. Bxg5 Qxg5 42. Qxc6 Rg8 43. Qxd5 Qf4+ 44. Kg1 1-0

[Event "Madrid Pueblo Nuevo qual"]
[Site "Madrid"]
[Date "2007.05.19"]
[Round "1.5"]
[White "Fernandez Lledo, Javier"]
[Black "Sanchez Alarcos Galian, Victor"]
[Result "0-1"]
[WhiteElo "1890"]
[BlackElo "1920"]
[PlyCount "44"]
[EventDate "2007.05.19"]
[EventType "swiss"]
[EventRounds "9"]
[EventCountry "ESP"]
[SourceTitle "EXT 2024"]
[Source "ChessBase"]
[SourceDate "2023.10.10"]
[SourceVersion "1"]
[SourceVersionDate "2023.10.10"]
[SourceQuality "1"]

1. e4 e5 2. Nf3 Nc6 3. d4 exd4 4. Nxd4 Bb4+ 5. c3 Be7 6. Nxc6 bxc6 7. Be3 Nf6 8. Bd3 d6 9. 0-0 0-0 10. h3 a5 11. Qe2 Nd7 12. f4 d5 13. e5 Nc5 14. Bc2 Ba6 15. Qh5 g6 16. Qh6 Re8 17. f5 Bf8 18. fxg6 Bxh6 19. gxf7+ Kh8 20. fxe8Q+ Qxe8 21. Bxh6 Bxf1 22. Kxf1 Qxe5 0-1

[Event "Madrid-ch sf-B"]
[Site "Madrid"]
[Date "2007.01.19"]
[Round "4"]
[White "Rosa Ramirez, Victor Diego"]
[Black "Sanchez Alarcos Galian, Victor"]
[Result "0-1"]
[WhiteElo "1922"]
[BlackElo "1876"]
[PlyCount "62"]
[EventDate "2007.01.11"]
[EventType "swiss"]
[EventRounds "9"]
[EventCountry "ESP"]
[SourceTitle "EXT 2008"]
[Source "ChessBase"]
[SourceDate "2007.11.25"]
[SourceVersion "1"]
[SourceVersionDate "2007.11.25"]
[SourceQuality "1"]

1. e4 g6 2. d4 Bg7 3. f4 c6 4. Nf3 d5 5. e5 h5 6. Bd3 Bg4 7. h3 Bxf3 8. Qxf3 e6 9. 0-0 Nd7 10. b3 Bf8 11. c4 Qb6 12. Be3 Nh6 13. Nc3 Nf5 14. Bf2 Nxd4 15. Qg3 dxc4 16. Bxc4 c5 17. Rfd1 Nf5 18. Qd3 0-0-0 19. Qc2 a6 20. a3 Qc7 21. a4 Be7 22. a5 Nb8 23. Rdc1 Nc6 24. Qe2 Nfd4 25. Qb2 Nxa5 26. Bf1 Naxb3 27. Bxd4 Nxc1 28. Rxc1 Rxd4 29. Ne2 Rb4 30. Qa3 Qb6 31. Ng3 Rb3 0-1

[Event "Madrid-ch sf-B"]
[Site "Madrid"]
[Date "2007.01.12"]
[Round "2"]
[White "Osorio Ramos, Francisco"]
[Black "Sanchez Alarcos Galian, Victor"]
[Result "1/2-1/2"]
[WhiteElo "1922"]
[BlackElo "1876"]
[PlyCount "181"]
[EventDate "2007.01.11"]
[EventType "swiss"]
[EventRounds "9"]
[EventCountry "ESP"]
[SourceTitle "EXT 2008"]
[Source "ChessBase"]
[SourceDate "2007.11.25"]
[SourceVersion "1"]
[SourceVersionDate "2007.11.25"]
[SourceQuality "1"]

1. d4 Nf6 2. c4 e6 3. Nc3 Bb4 4. Qc2 d5 5. cxd5 exd5 6. Bg5 c5 7. e3 cxd4 8. exd4 Nc6 9. Bb5 h6 10. Bh4 g5 11. Bg3 Ne4 12. Nge2 h5 13. 0-0 Bxc3 14. Nxc3 0-0 15. Bxc6 bxc6 16. Nxe4 Bf5 17. Qxc6 dxe4 18. Qc5 Qd7 19. Rac1 h4 20. Bc7 Rfc8 21. d5 h3 22. g3 Rab8 23. d6 Rxb2 24. Qe3 g4 25. Qxa7 Qe6 26. a4 e3 27. Qxe3 Qxe3 28. fxe3 Rg2+ 29. Kh1 Be4 30. Rf4 Ba8 31. Rxg4+ Kh7 32. e4 Rd2 33. Re1 f5 34. Rh4+ Kg6 35. Rxh3 Bxe4+ 36. Kg1 Ra8 37. a5 Rf8 38. Rh4 Kg5 39. d7 Rxd7 40. Bf4+ Kg6 41. Rh6+ Kf7 42. Rh7+ Ke6 43. Rxd7 Kxd7 44. Rc1 Ra8 45. Rc5 Ra7 46. h4 Ke6 47. Kf2 Rb7 48. Re5+ Kf6 49. Ke3 Kg6 50. Kd4 Kh5 51. Kc5 Bd3 52. Kc6 Rb1 53. Kd6 Kg4 54. Rc5 Rb3 55. Ke5 Ra3 56. Kf6 Rb3 57. Kg6 Bb5 58. Kf6 Bd3 59. Ke5 Ra3 60. Kd4 Be2 61. Bc7 Rd3+ 62. Ke5 Ra3 63. Kf6 Bd3 64. Rd5 Be4 65. Rd8 Rc3 66. Rg8+ Kf3 67. Bb6 Ra3 68. h5 f4 69. gxf4 Kxf4 70. Bc7+ Ke3 71. Rg3+ Bf3 72. h6 Rc3 73. Bb6+ Kf4 74. Rh3 Rc6+ 75. Kg7 Be4 76. h7 Bxh7 77. Rxh7 Ke5 78. Rh5+ Kd6 79. Kf7 Kd7 80. Rd5+ Kc8 81. Rd8+ Kb7 82. Rd7+ Kb8 83. Ra7 Rh6 84. Ke8 Rh8+ 85. Kd7 Rh7+ 86. Kc6 Rxa7 87. Bxa7+ Kxa7 88. Kb5 Kb7 89. a6+ Kb8 90. Kb6 Ka8 91. a7 1/2-1/2